| 000 | 00337nam a22001457a 4500 | ||
|---|---|---|---|
| 003 | SGT | ||
| 020 | _a978-8173410598 | ||
| 082 |
_a659.2 _bI99G |
||
| 100 | _aGANESH, S. | ||
| 245 | _aINTRODUCTION TO PUBLIC RELATIONS | ||
| 260 |
_aNEW DELHI _bINDIAN PUBLICATION _c1999 |
||
| 300 | _a101 | ||
| 650 | _aMASS COMMUNICATION | ||
| 942 |
_2ddc _cBK |
||
| 999 |
_c13061 _d13061 |
||